000 00679nam a2200217 u 4500
005 20240228064226.0
008 160118s2009 mx r 000 0 spa d
020 _a9788496346796
035 _aUPN01000207520
049 _aI
050 4 _aPZ7
_bM6.27
100 1 _aMoore-Mallinos, Jennifer
_933104
245 1 0 _aCarol "la torpe" :
_btorpe, ¡ pero no en todo ! /
_cJennifer Moore-Mallinos ; il. Claire Keay.
260 _aMéxico :
_bGemser,
_c2009.
300 _a35 p. :
_bil. col.
440 0 _aSituaciones difíciles
650 7 _aLiteratura infantil estadounidense
_2
_99173
650 4 _aLibros y lectura para niños
_92290
905 _aInfantil
999 _c179621
_d179621